Представление документа в формате MARC21

Поле Инд. ПП Название Значение
Тип записи a
Библиографический уровень a
001 Контрольный номер 318b033972e94fd1a47252331422d11b
005 Дата корректировки 20220926082310.8
040 a Служба первич. каталог. НБ ТвГУ
b Код языка каталог. rus
e Правила каталог. PSBO
041 0_ a Код языка текста rus
097 b Оператор Komarova.ES
100 1_ a Автор Курочкин С. А.
245 10 a Заглавие Микофлора антропогенно-нарушенных сосняков Калининского района
260 a Место издания Калинин
b Издательство Калининский государственный университет
504 a Библиография Библиогр.: с. 25 (6 назв.)
520 0_ a Аннотация Статья посвящена микофлоре антропогенно-нарушенных сосняков Калининского района.
653 0_ a Ключевые слова Сосняки
a Ключевые слова Труды Тверского государственного университета
a Ключевые слова Антропогенные зоны
a Ключевые слова Флора
a Ключевые слова Грибы
a Ключевые слова Субстрат
773 18 w Контрольный № источника RU/IS/BASE/448384713
t Название источника Флора и растительность южной тайги
d Место и дата издания Калинин : Калининский государственный университет, 1989
g Прочая информация С. 18-25
901 t Тип документа a
920 a Оператор Кома
954 b Дата поступления в ОК 20220926